<?xml version="1.0" encoding="UTF-8"?>
<record
    xmlns:xsi="http://www.w3.org/2001/XMLSchema-instance"
    xsi:schemaLocation="http://www.loc.gov/MARC21/slim http://www.loc.gov/standards/marcxml/schema/MARC21slim.xsd"
    xmlns="http://www.loc.gov/MARC21/slim">

  <leader>01533nam0a22003131  4500</leader>
  <controlfield tag="001">rc\1182733</controlfield>
  <controlfield tag="005">20250622212319.0</controlfield>
  <datafield tag="035" ind1=" " ind2=" ">
    <subfield code="a">(NLR Aleph) 006424775</subfield>
  </datafield>
  <datafield tag="090" ind1=" " ind2=" ">
    <subfield code="a">5486413</subfield>
    <subfield code="c">5486413</subfield>
  </datafield>
  <datafield tag="100" ind1=" " ind2=" ">
    <subfield code="a">20041129d1980    |||y0rusy50      ca</subfield>
  </datafield>
  <datafield tag="101" ind1="0" ind2=" ">
    <subfield code="a">rus</subfield>
  </datafield>
  <datafield tag="102" ind1=" " ind2=" ">
    <subfield code="a">RU</subfield>
  </datafield>
  <datafield tag="105" ind1=" " ind2=" ">
    <subfield code="a">a   |||||||||</subfield>
  </datafield>
  <datafield tag="200" ind1="1" ind2=" ">
    <subfield code="a">&#x418;&#x437;&#x431;&#x440;&#x430;&#x43D;&#x43D;&#x43E;&#x435;</subfield>
    <subfield code="e">&#x421;&#x442;&#x438;&#x445;&#x43E;&#x442;&#x432;&#x43E;&#x440;&#x435;&#x43D;&#x438;&#x44F;, &#x43F;&#x43E;&#x44D;&#x43C;&#x44B;</subfield>
    <subfield code="f">&#x421;&#x435;&#x440;&#x433;&#x435;&#x439; &#x41D;&#x430;&#x440;&#x43E;&#x432;&#x447;&#x430;&#x442;&#x43E;&#x432;</subfield>
  </datafield>
  <datafield tag="210" ind1=" " ind2=" ">
    <subfield code="a">&#x41C;.</subfield>
    <subfield code="c">&#x425;&#x443;&#x434;&#x43E;&#x436;. &#x43B;&#x438;&#x442;.</subfield>
    <subfield code="d">1980</subfield>
  </datafield>
  <datafield tag="215" ind1=" " ind2=" ">
    <subfield code="a">494 &#x441;., 1 &#x43B;. &#x43F;&#x43E;&#x440;&#x442;&#x440;.</subfield>
    <subfield code="d">17</subfield>
  </datafield>
  <datafield tag="320" ind1=" " ind2=" ">
    <subfield code="a">&#x41E;&#x441;&#x43D;&#x43E;&#x432;&#x43D;&#x44B;&#x435; &#x438;&#x437;&#x434;. &#x43F;&#x440;&#x43E;&#x438;&#x437;&#x432;&#x435;&#x434;&#x435;&#x43D;&#x438;&#x439; &#x421;.&#x421;. &#x41D;&#x430;&#x440;&#x43E;&#x432;&#x447;&#x430;&#x442;&#x43E;&#x432;&#x430;: &#x441;. 488-489</subfield>
  </datafield>
  <datafield tag="327" ind1="1" ind2=" ">
    <subfield code="a">&#x421;&#x43E;&#x434;&#x435;&#x440;&#x436;.: &#x421;&#x442;&#x438;&#x445;&#x43E;&#x442;&#x432;&#x43E;&#x440;&#x435;&#x43D;&#x438;&#x44F;; &#x41F;&#x43E;&#x44D;&#x43C;&#x44B;: &#x41F;&#x440;&#x43E;&#x43B;&#x438;&#x432; &#x415;&#x43A;&#x430;&#x442;&#x435;&#x440;&#x438;&#x43D;&#x44B;; &#x41F;&#x435;&#x441;&#x43D;&#x44F; &#x43F;&#x440;&#x43E; &#x430;&#x442;&#x430;&#x43C;&#x430;&#x43D;&#x430; &#x421;&#x435;&#x43C;&#x435;&#x43D;&#x430; &#x414;&#x435;&#x436;&#x43D;&#x435;&#x432;&#x430;...; &#x412;&#x430;&#x441;&#x438;&#x43B;&#x438;&#x439; &#x411;&#x443;&#x441;&#x43B;&#x430;&#x435;&#x432;; &#x424;&#x440;&#x43E;&#x43D;&#x442;&#x43E;&#x432;&#x430;&#x44F; &#x440;&#x430;&#x434;&#x443;&#x433;&#x430;</subfield>
  </datafield>
  <datafield tag="464" ind1=" " ind2="0">
    <subfield code="1">2001#$a&#x421;&#x442;&#x438;&#x445;&#x43E;&#x442;&#x432;&#x43E;&#x440;&#x435;&#x43D;&#x438;&#x44F;</subfield>
    <subfield code="t">&#x421;&#x442;&#x438;&#x445;&#x43E;&#x442;&#x432;&#x43E;&#x440;&#x435;&#x43D;&#x438;&#x44F;</subfield>
  </datafield>
  <datafield tag="464" ind1=" " ind2="0">
    <subfield code="1">2001#$a&#x41F;&#x440;&#x43E;&#x43B;&#x438;&#x432; &#x415;&#x43A;&#x430;&#x442;&#x435;&#x440;&#x438;&#x43D;&#x44B;</subfield>
    <subfield code="t">&#x41F;&#x440;&#x43E;&#x43B;&#x438;&#x432; &#x415;&#x43A;&#x430;&#x442;&#x435;&#x440;&#x438;&#x43D;&#x44B;</subfield>
  </datafield>
  <datafield tag="464" ind1=" " ind2="0">
    <subfield code="1">2001#$a&#x41F;&#x435;&#x441;&#x43D;&#x44F; &#x43F;&#x440;&#x43E; &#x430;&#x442;&#x430;&#x43C;&#x430;&#x43D;&#x430; &#x421;&#x435;&#x43C;&#x435;&#x43D;&#x430; &#x414;&#x435;&#x436;&#x43D;&#x435;&#x432;&#x430;...</subfield>
    <subfield code="t">&#x41F;&#x435;&#x441;&#x43D;&#x44F; &#x43F;&#x440;&#x43E; &#x430;&#x442;&#x430;&#x43C;&#x430;&#x43D;&#x430; &#x421;&#x435;&#x43C;&#x435;&#x43D;&#x430; &#x414;&#x435;&#x436;&#x43D;&#x435;&#x432;&#x430;...</subfield>
  </datafield>
  <datafield tag="464" ind1=" " ind2="0">
    <subfield code="1">2001#$a&#x412;&#x430;&#x441;&#x438;&#x43B;&#x438;&#x439; &#x411;&#x443;&#x441;&#x43B;&#x430;&#x435;&#x432;</subfield>
    <subfield code="t">&#x412;&#x430;&#x441;&#x438;&#x43B;&#x438;&#x439; &#x411;&#x443;&#x441;&#x43B;&#x430;&#x435;&#x432;</subfield>
  </datafield>
  <datafield tag="464" ind1=" " ind2="0">
    <subfield code="1">2001#$a&#x424;&#x440;&#x43E;&#x43D;&#x442;&#x43E;&#x432;&#x430;&#x44F; &#x440;&#x430;&#x434;&#x443;&#x433;&#x430;</subfield>
    <subfield code="t">&#x424;&#x440;&#x43E;&#x43D;&#x442;&#x43E;&#x432;&#x430;&#x44F; &#x440;&#x430;&#x434;&#x443;&#x433;&#x430;</subfield>
  </datafield>
  <datafield tag="700" ind1=" " ind2="1">
    <subfield code="a">&#x41D;&#x430;&#x440;&#x43E;&#x432;&#x447;&#x430;&#x442;&#x43E;&#x432;</subfield>
    <subfield code="b">&#x421;.&#x421;.</subfield>
    <subfield code="f">1919-1981</subfield>
    <subfield code="g">&#x421;&#x435;&#x440;&#x433;&#x435;&#x439; &#x421;&#x435;&#x440;&#x433;&#x435;&#x435;&#x432;&#x438;&#x447;</subfield>
  </datafield>
  <datafield tag="801" ind1=" " ind2="0">
    <subfield code="a">RU</subfield>
    <subfield code="b">NLR</subfield>
    <subfield code="g">psbo</subfield>
  </datafield>
  <datafield tag="801" ind1=" " ind2="1">
    <subfield code="a">RU</subfield>
    <subfield code="b">ELAR</subfield>
    <subfield code="2">rusmarc</subfield>
  </datafield>
  <datafield tag="852" ind1=" " ind2=" ">
    <subfield code="a">NLR</subfield>
    <subfield code="j">80-2/3123</subfield>
  </datafield>
  <datafield tag="942" ind1=" " ind2=" ">
    <subfield code="c">BOOK</subfield>
  </datafield>
  <datafield tag="980" ind1=" " ind2=" ">
    <subfield code="a">NB</subfield>
  </datafield>
  <datafield tag="995" ind1=" " ind2=" ">
    <subfield code="5">2013-10-26</subfield>
    <subfield code="b">NLR01</subfield>
    <subfield code="c">NLR01</subfield>
    <subfield code="e">RF9</subfield>
    <subfield code="f">1-1534821</subfield>
    <subfield code="k">80-2/3123</subfield>
    <subfield code="o">0</subfield>
    <subfield code="r">BOOK</subfield>
    <subfield code="s">8023123_</subfield>
  </datafield>
  <datafield tag="995" ind1=" " ind2=" ">
    <subfield code="5">2015-06-14</subfield>
    <subfield code="a">au</subfield>
    <subfield code="b">NLR03</subfield>
    <subfield code="c">NLR03</subfield>
    <subfield code="e">UJZ</subfield>
    <subfield code="f">1-998927</subfield>
    <subfield code="k">&#x42E; &#x41F;(&#x421;)/&#x41D;-30</subfield>
    <subfield code="o">0</subfield>
    <subfield code="r">BOOK</subfield>
    <subfield code="s">_30</subfield>
  </datafield>
</record>
